Quizzes
Events
Quiz Creation
Community
Videos
Private Events
Remove Ads
Sign In
Join for FREE
Feedback
Dark Mode
Quiz Categories
Sports
Geography
Music
Movies
Television
Just For Fun
Miscellaneous
History
Literature
Language
Science
Gaming
Entertainment
Religion
Holiday
For Kids
Quiz Lab
Recent
Popular Today
Quiz Kudos Today
Editor Picks
Curator Picks
Quizzes by...
Day
Popularity
Type
Ratings
Length
Year
Community
Subscriptions
Recent Discussions
Orange Saloon
Badges
Playlists
Quests
Create
Leaderboards
Showdown
Live 5
Trivia Bingo
Activity
Puzzle Library
Sporcle Events
Private Events
Virtual Trivia
Globe League
Become a Host
Pub Owners
SporcleCon
Opinionation
Our Games
Videos
Blog
Mobile Apps
Partnerships
Remove Ads and Go Orange
Feedback
Television
TV Characters
TV Show
Sitcom
Network
Friends
Reality Shows
Cast
South Park
Star Trek
The Simpsons
Doctor Who
Television
TV Characters
TV Show
Sitcom
Network
Friends
Reality Shows
Cast
South Park
Star Trek
The Simpsons
Doctor Who
Random Quiz
Search Sporcle
×
Quiz Lab
Quiz Lab
Television
Animation
Type in answers that appear in a list
Type in answers that appear in a list
Classic
Best Score? Go Orange.
Simpsons random facts Stats
Can you name the simpsons random facts answers?
By
SporcleEXP
10m
50 Questions
457 Plays
457 Plays
457 Plays
Comments
Comments
Give Quiz Kudos
Give Quiz Kudos
-
- Ratings
hide this ad
Replay
Link that replays current quiz
Next Quiz
Link to next quiz in quiz playlist
You Got
0%
They Got
Avg Score
57%
Avg Friend Score
Upgrade to see
Score Distribution
Jump to the score distribution portion of the page
Score
0/50
Timer
10:00
0
Plays Today
fact
answer
% Correct
simpsons family
homer
99.1%
simpsons hit and run usable characters
homer
99.1%
catchphrases
Homer Simpson
99.1%
moes bar
homer
99.1%
simpsons family
marge
98.5%
simpsons hit and run usable characters
marge
98.5%
catchphrases
Bart Simpson
98.2%
simpsons family
bart
98.2%
simpsons hit and run usable characters
bart
98.2%
simpsons family
lisa
98%
simpsons hit and run usable characters
lisa
98%
simpsons family
maggie
97.2%
jobs
Moe Szyslak
96.9%
jobs
Krusty
96.9%
catchphrases
Krusty
96.9%
moes bar
moe
96.9%
jobs
Apu Nahasapeemapetilon
96.7%
catchphrases
Apu Nahasapeemapetilon
96.7%
simpsons hit and run usable characters
apu
96.7%
jobs
Charles Montgomery Burns
93%
jobs
Kent Brockman
89.7%
married to
Maude Flanders
84.2%
moes bar
lenny
77.5%
moes bar
carl
76.8%
moes bar
barney
76.1%
fact
answer
% Correct
married to
Kirk Van Houten
69.4%
catchphrases
Nelson Muntz
64.3%
married to
Mona Simpson
63.9%
married to
Manjula Nahasapeemapetilon
57.1%
chalkboard gags
urine
55.4%
chalkboard gags
chalk
44.9%
real names
Robert Terwilliger
29.5%
real names
Herschel Krustofski
21.9%
real names
Jeff Albertson
19.9%
married to
Bernice Hibbert
17.5%
real names
Melvin Van Horne
17.5%
chalkboard gags
indian burns
11.4%
chalkboard gags
shes dead
10.5%
moes bar
larry
9.6%
moes bar
sam
8.8%
Nahasapeemapetilon children
gheet
7.9%
real names
Horatio McCallister
7.7%
chalkboard gags
ralph
3.3%
Nahasapeemapetilon children
sashi
2.6%
Nahasapeemapetilon children
Poonam
2.4%
Nahasapeemapetilon children
uma
2.2%
Nahasapeemapetilon children
anoop
2.2%
Nahasapeemapetilon children
sandeep
2%
Nahasapeemapetilon children
nabendu
1.8%
Nahasapeemapetilon children
pria
1.5%
Quiz Playlist
Details
Report
Send in Message
Add To Playlist
Classic:
Type in answers that appear in a list
Last Updated: Feb 16, 2017
Quiz Scoreboard
CHALLENGE
Sign Up to Join the Scoreboard
Show All
Scores
Hide
Comments
May contain spoilers
Recently Published
9x9 Crossword: Cartoon Network
by jackfrog10
Miscellaneous
3m
College Basketball Coaching Resumes
by pancakes188
Sports
9m
Billboard Blitz: Fleetwood Mac
by CooCooCachoo
Music
15s
More to Explore
Quiz From the Vault
Featured Blog Post
Where Did the Easter Bunny Come From?
hide this ad
You Might Also Like...
Tags
Animation Quiz
The Simpsons Quiz
Today's Top Quizzes in Television
Browse Television
hide this ad
Today's Top Quizzes in Animation
Browse Animation
Top Contributed Quizzes in Television
1
5-to-1: The Simpsons Families
2
5-to-1: Television Doctors
3
7-to-1: TV Show Settings
4
5-to-1: Streaming Originals
5
Adjectives in 00s TV Shows
6
One Piece Logic Puzzle
7
Survivor Seasons
8
Adjectives in 80s TV Shows
9
All US Survivor Seasons in Order
10
Adjectives in 10s TV Shows
Explore More
Trending Topics
Anime
Harry Potter
Crossword
Marvel
Disney
NBA
Kpop
WWE
Song
Soccer
Pokémon
NFL
Country
The Office
Puzzle
hide this ad
More By:
SporcleEXP
Quiz
Plays
Rating
Category
Featured
Created
Harry Potter Deaths in Order Minefield
3,068,482
4.18
Literature
Jan 27, 2016
Sins, Dwarfs, and Spice Girls
847,284
4.42
Just For Fun
Apr 11, 2012
Ancient History Bunker
708,178
4.28
History
Jan 20, 2014
Movie Posters VI
679,040
4.37
Movies
Nov 12, 2010
Movie Posters VII
621,869
4.44
Movies
Apr 16, 2011
Go to Creator's Profile
Score Distribution
Quiz Creator Spotlight
SporcleEXP
Follow
Send a Message
Quizzes Created
-
Created Quiz Play Count
-
More By This Creator
Popular Quizzes Today
1
Find the US States - No Outlines Minefield
2
Find the Countries of Europe - No Outlines Minefield
3
The Countries of the World
4
Find the US States
5
Risky Map Clicking: Biggest States A-Z
6
US States
7
Popular People in 1961
8
Movies - When Are They Set?
More Television Quizzes
Family Guy Film Parodies
Published
Trending Quizzes
Risky Map Clicking: Least Populous States A-Z
1-10 Letter G Words
1-10 Letter F Words
Risky Map Clicking: Next State Alphabetically
Adjectives in 80s TV Shows
Recently Updated
Leaping Animals
pecheneg
Reality TV Shows (A-Z)
bhenderson79
Rickey Henderson's Hall of Fame Teammates
pecheneg
Champions League XIs: Arsenal
pecheneg
Quick Pick: Celebrities in WWE's Hall of Fame
aduchscher
A-Z Keypad Blitz II
pecheneg
Multiple Oscar Actors
pecheneg
Mystery Phrase Blitz: Oscar 'Best Actors'
pecheneg
F. Scott Fitzgerald Novels
LTH
Pick 3 Villains
ddd62291
Trending Topics
Harry Potter
Crossword
Anime
NBA
Disney
Kpop
Marvel
NFL
Song
Puzzle
Soccer
The Office
Country
WWE
Pokémon
Your Account Isn't Verified!
In order to create a playlist on Sporcle, you need to verify the email address you used during registration. Go to your
Sporcle Settings
to finish the process.
Report this User
Report this user for behavior that violates our
Community Guidelines
.
Details:
Send Report
Go to the Sporcle.com Mobile Site →
Comments